| 000 | 00373nam a2200145Ia 4500 | ||
|---|---|---|---|
| 008 | 221030s9999 xx 000 0 und d | ||
| 020 | _a9352029921 | ||
| 100 | _aV. A. Avadhani | ||
| 245 | 0 |
_aSecurities Analysis & Portfolio Management _cby V. A. Avadhani |
|
| 250 | _a12th | ||
| 260 |
_bHPH _aNew Delhi _c2016 |
||
| 300 | _a491 | ||
| 650 | _aManagement | ||
| 942 |
_cBK _2ddc |
||
| 999 |
_c17172 _d17172 |
||